[Event "DEM U12"]
[Site "Willingen"]
[Date "2006.06.06"]
[Round "6.5"]
[White "Dünzel, Jonas"]
[Black "Hampel, Felix"]
[Result "1-0"]
[WhiteElo "1881"]
[BlackElo "1549"]
[PlyCount "137"]
[EventDate "2006.??.??"]
[EventType "swiss"]
[EventRounds "11"]
[EventCountry "GER"]

1. e4 c5 2. Nf3 e6 3. d4 cxd4 4. Nxd4 Nc6 5. Nc3 Qc7 6. Nxc6 bxc6 7. Bd3 Nf6 8.
O-O Bc5 9. Kh1 O-O 10. Bg5 Ne8 11. Na4 Qd6 12. Nxc5 Qxc5 13. Be3 Qe7 14. e5 f5
15. f4 Nc7 16. c4 Ba6 17. a3 Bb7 18. b4 Rfc8 19. Bc5 Qf7 20. Bd6 Qg6 21. Bxc7
c5 22. Rg1 Rxc7 23. b5 d5 24. Be2 d4 25. Bf3 Qf7 26. Bxb7 Rxb7 27. Qd3 a6 28.
a4 axb5 29. cxb5 Qd7 30. Rgc1 Rba7 31. Qc4 Kf7 32. Kg1 Ra5 33. Qxc5 Rxa4 34.
Rxa4 Rxa4 35. Qc7 Qe7 36. Qxe7+ Kxe7 37. b6 Rb4 38. Rc7+ Kd8 39. Rc6 Kd7 40.
Rd6+ Ke7 41. Kf2 Rb2+ 42. Kf3 d3 43. Ke3 d2 44. Ke2 h6 45. h4 Rc2 46. Kd1 Rb2
47. h5 Ra2 48. Rc6 Rb2 49. Rc7+ Kd8 50. Rxg7 Rxb6 51. Rg6 Ke7 52. Kxd2 Rb4 53.
g3 Rb3 54. Ke2 Kf7 55. Kf2 Ra3 56. Rxh6 Ra2+ 57. Kf3 Ra3+ 58. Kg2 Ra1 59. Rf6+
Ke7 60. h6 Ra2+ 61. Kh3 Ra1 62. Kh4 Rh1+ 63. Kg5 Rh3 64. Kg6 Rxg3+ 65. Kh7 Rf3
66. Kg7 Rxf4 67. h7 Rg4+ 68. Rg6 Rh4 69. h8=Q 1-0

[Event "DEM U12"]
[Site "Willingen"]
[Date "2006.06.06"]
[Round "6.6"]
[White "Sarchisov, Slavik"]
[Black "Friedrich, Wiede"]
[Result "1-0"]
[WhiteElo "1695"]
[BlackElo "1933"]
[PlyCount "57"]
[EventDate "2006.??.??"]
[EventType "swiss"]
[EventRounds "11"]
[EventCountry "GER"]

1. e4 c5 2. Nf3 d6 3. d4 cxd4 4. Nxd4 Nf6 5. Nc3 g6 6. Bc4 Bg7 7. O-O O-O 8.
Re1 Nc6 9. Nb3 Bd7 10. Bf1 Rc8 11. Bg5 Be6 12. Nd5 Bxd5 13. exd5 Nb4 14. Bxf6
Bxf6 15. c3 Na6 16. Bxa6 bxa6 17. Nd4 Qb6 18. Qd2 Bxd4 19. cxd4 Rc4 20. Re4
Rfc8 21. Rd1 Rc2 22. Qh6 Qxb2 23. Rh4 e5 24. dxe6 Qb7 25. Qxh7+ Kf8 26. e7+
Kxe7 27. Re1+ Kd7 28. Qxf7+ Kc6 29. d5+ 1-0

[Event "DEM U12"]
[Site "Willingen"]
[Date "2006.06.06"]
[Round "6.7"]
[White "Babayev, Ramil"]
[Black "Kaphle, Sebastian"]
[Result "0-1"]
[WhiteElo "1553"]
[BlackElo "2064"]
[PlyCount "54"]
[EventDate "2006.??.??"]
[EventType "swiss"]
[EventRounds "11"]
[EventCountry "GER"]

1. e4 c5 2. Nc3 e6 3. f4 Nc6 4. Nf3 Nge7 5. Bb5 a6 6. Bxc6 Nxc6 7. O-O Be7 8.
d3 d5 9. e5 O-O 10. a3 b5 11. Qe1 Qc7 12. Qg3 Nd4 13. Qf2 Bd7 14. Nd1 a5 15.
Nxd4 cxd4 16. c3 dxc3 17. bxc3 b4 18. Bb2 Rfc8 19. d4 Rab8 20. cxb4 axb4 21.
Ne3 Qb6 22. Rfd1 Ba4 23. Rd2 bxa3 24. Bxa3 Bxa3 25. Rxa3 Rc1+ 26. Nf1 Bb5 27.
Rb3 Bxf1 0-1

[Event "DEM U12"]
[Site "Willingen"]
[Date "2006.06.06"]
[Round "6.8"]
[White "Berchtenbreiter, Maximilian"]
[Black "Petkidis, Anthony"]
[Result "1/2-1/2"]
[WhiteElo "1999"]
[BlackElo "1585"]
[PlyCount "106"]
[EventDate "2006.??.??"]
[EventType "swiss"]
[EventRounds "11"]
[EventCountry "GER"]

1. e4 c5 2. c3 Nf6 3. e5 Nd5 4. d4 cxd4 5. cxd4 d6 6. Nf3 Nc6 7. a3 g6 8. Nc3
Nxc3 9. bxc3 Bg7 10. exd6 Qxd6 11. Be2 O-O 12. O-O b6 13. Bb2 Bb7 14. Qd2 Rac8
15. c4 Na5 16. Rab1 Nxc4 17. Bxc4 Rxc4 18. Qe2 Rfc8 19. Rfe1 e6 20. Red1 Qd5
21. Qd2 Rc2 22. Qb4 Qf5 23. d5 Rxb2 24. Rxb2 Bxb2 25. Qxb2 Bxd5 26. Ne1 Qe4 27.
h3 e5 28. Nf3 f6 29. Qb5 Bc6 30. Qb3+ Kg7 31. Qe6 Rf8 32. Rc1 Be8 33. Rc7+ Rf7
34. Re7 Rxe7 35. Qxe7+ Bf7 36. Qxa7 b5 37. Kf1 Kg8 38. Qb8+ Kg7 39. Kg1 Qa4 40.
Kh2 Qxa3 41. Qxb5 Qb3 42. Qe2 Qc4 43. Qe1 Bd5 44. Nd2 Qd3 45. Qc1 Qe2 46. Kg1
Qd3 47. Nf1 Qd4 48. Ne3 Bf7 49. Qc7 f5 50. Qc6 e4 51. Qc7 Kf6 52. Qf4 Kg7 53.
g4 fxg4 1/2-1/2

[Event "DEM U12"]
[Site "Willingen"]
[Date "2006.06.06"]
[Round "6.9"]
[White "Kotainy, Jens"]
[Black "Titgemeyer, Sven"]
[Result "0-1"]
[WhiteElo "1835"]
[BlackElo "1557"]
[PlyCount "70"]
[EventDate "2006.??.??"]
[EventType "swiss"]
[EventRounds "11"]
[EventCountry "GER"]

1. d4 d5 2. e3 e6 3. Bd3 c5 4. c3 Nc6 5. Nd2 Bd7 6. f4 f5 7. Ngf3 Nf6 8. O-O
Bd6 9. Ne5 O-O 10. Ndf3 Ne4 11. Bd2 Rc8 12. Qe2 Rf6 13. Be1 Rh6 14. Bh4 Rxh4
15. Nxh4 Bxe5 16. dxe5 Qxh4 17. Bxe4 fxe4 18. Qb5 b6 19. Qa6 Rf8 20. Qb7 Qd8
21. b3 Qc8 22. Qxc8 Rxc8 23. Rad1 Be8 24. g4 Rd8 25. Rfe1 Bg6 26. Kg2 Kf7 27.
Kg3 d4 28. cxd4 cxd4 29. Rc1 Ne7 30. exd4 Rxd4 31. Red1 Rd3+ 32. Rxd3 exd3 33.
Rd1 Nd5 34. h4 Ne3 35. Rd2 Nf1+ 0-1

[Event "DEM U12"]
[Site "Willingen"]
[Date "2006.06.06"]
[Round "6.10"]
[White "Wittke, Rene"]
[Black "Sancar, Alina"]
[Result "1-0"]
[WhiteElo "1687"]
[BlackElo "1330"]
[PlyCount "71"]
[EventDate "2006.??.??"]
[EventType "swiss"]
[EventRounds "11"]
[EventCountry "GER"]

1. e4 e5 2. d4 exd4 3. Nf3 Bc5 4. Bc4 Ne7 5. Ne5 O-O 6. Nxf7 Rxf7 7. Bxf7+ Kxf7
8. Qh5+ Ng6 9. Qxc5 Nc6 10. Qd5+ Kf8 11. Bd2 d6 12. O-O Qf6 13. Bg5 Qe5 14.
Qxe5 dxe5 15. f4 exf4 16. Bxf4 Nxf4 17. Rxf4+ Ke7 18. Na3 g5 19. Rf2 Be6 20.
Raf1 a6 21. Rd2 Rd8 22. Rfd1 Kf6 23. c3 Bxa2 24. cxd4 Bb3 25. Rf1+ Ke7 26. d5
b5 27. Rdf2 Ne5 28. Rf5 Kd6 29. Rxg5 Ng6 30. Rf6+ Ke7 31. Rxa6 b4 32. Re6+ Kd7
33. Nb5 Bc4 34. Nd4 Rf8 35. Rf5 Rxf5 36. Nxf5 1-0

[Event "DEM U12"]
[Site "Willingen"]
[Date "2006.06.06"]
[Round "6.11"]
[White "Klek, Hanna-Marie"]
[Black "Schulz, Anja"]
[Result "1/2-1/2"]
[WhiteElo "1668"]
[BlackElo "1585"]
[PlyCount "80"]
[EventDate "2006.??.??"]
[EventType "swiss"]
[EventRounds "11"]
[EventCountry "GER"]

1. e4 c5 2. Nf3 Nc6 3. d4 cxd4 4. Nxd4 Nf6 5. Nc3 e6 6. Be3 Bb4 7. Nxc6 bxc6 8.
Qd3 Qa5 9. Bd2 d5 10. exd5 cxd5 11. Qb5+ Bd7 12. Qxa5 Bxa5 13. Bd3 O-O 14. O-O
Rab8 15. b3 Rfc8 16. Nb1 Bb6 17. Bf4 Ra8 18. Be5 Ng4 19. Bb2 d4 20. h3 Ne5 21.
Be4 Bc6 22. Bxc6 Rxc6 23. Na3 a6 24. Rfe1 f6 25. Kf1 Bc5 26. Red1 Rd8 27. Rac1
Kf7 28. Nb1 Ng6 29. Nd2 e5 30. f3 Ne7 31. Nc4 Nf5 32. Rd3 Re8 33. Kf2 Ne7 34.
Rb1 Nd5 35. Bc1 Nb4 36. Rb2 Nxd3+ 37. cxd3 Rb8 38. Bd2 Bb4 39. Bxb4 Rxb4 40.
Rc2 Re6 1/2-1/2

[Event "DEM U12"]
[Site "Willingen"]
[Date "2006.06.06"]
[Round "6.12"]
[White "Braun, Georg"]
[Black "Rosenkranz, Christian"]
[Result "1-0"]
[WhiteElo "1774"]
[BlackElo "1495"]
[PlyCount "153"]
[EventDate "2006.??.??"]
[EventType "swiss"]
[EventRounds "11"]
[EventCountry "GER"]

1. e4 e5 2. Nf3 Nc6 3. Bb5 f5 4. d3 fxe4 5. dxe4 Nf6 6. O-O Bc5 7. Qe2 d6 8.
Qc4 Qe7 9. Bxc6+ bxc6 10. Be3 Nd7 11. b4 Nb6 12. Qc3 Bxe3 13. Qxe3 O-O 14. Nbd2
Ba6 15. Rfd1 Rad8 16. a4 Bb7 17. a5 Nc8 18. c4 a6 19. Nb3 Qe6 20. Rac1 h6 21.
b5 c5 22. Nbd2 Ne7 23. Nb1 Qg6 24. Nc3 c6 25. b6 Rf4 26. Ne1 Rdf8 27. f3 Qe6
28. Qd3 Nc8 29. Ne2 R4f6 30. Ng3 g6 31. Nf1 Ne7 32. Ne3 g5 33. Ng4 Rg6 34. Rc2
h5 35. Nf2 Kh8 36. Rcd2 Nc8 37. Kh1 Rfg8 38. g4 h4 39. h3 Rd8 40. Qc3 Rf6 41.
Kg2 Ne7 42. Nfd3 Rdf8 43. Rf2 Ng6 44. Nc2 Nf4+ 45. Nxf4 Rxf4 46. Ne3 Kg7 47.
Nf5+ R4xf5 48. gxf5 Qe7 49. Rfd2 Rd8 50. Rd3 Kf6 51. Qd2 d5 52. cxd5 cxd5 53.
exd5 Qd6 54. Qc3 Rc8 55. Qc2 c4 56. Rc3 Rc5 57. Rxc4 Rxd5 58. Rxd5 Qxd5 59. Qc3
Qd1 60. Qe3 Qa1 61. Rc7 Qa2+ 62. Qf2 Qd5 63. Qe2 Kxf5 64. Qe4+ Qxe4 65. fxe4+
Bxe4+ 66. Kf2 g4 67. hxg4+ Kxg4 68. Rc4 Kf5 69. Rxe4 Kxe4 70. b7 Kd3 71. b8=Q
e4 72. Qd6+ Kc4 73. Qxa6+ Kd4 74. Qb5 e3+ 75. Ke2 h3 76. a6 h2 77. Qh5 1-0

[Event "DEM U12"]
[Site "Willingen"]
[Date "2006.06.06"]
[Round "6.13"]
[White "Göbel, Constantin"]
[Black "Stark, Saskia"]
[Result "1/2-1/2"]
[WhiteElo "1639"]
[BlackElo "1484"]
[PlyCount "88"]
[EventDate "2006.??.??"]
[EventType "swiss"]
[EventRounds "11"]
[EventCountry "GER"]

1. e4 c5 2. Nf3 Nc6 3. d4 cxd4 4. Nxd4 Nf6 5. Nc3 e5 6. Ndb5 d6 7. Nd5 Nxd5 8.
exd5 Nb8 9. c4 a6 10. Nc3 Be7 11. Be3 O-O 12. Be2 f5 13. f4 e4 14. Na4 Qa5+ 15.
Kf1 Nd7 16. Rb1 g5 17. b4 Qc7 18. Qc1 gxf4 19. Bxf4 Nb6 20. Nxb6 Qxb6 21. h4
Qd8 22. h5 b5 23. Rh3 bxc4 24. Bxc4 Bb7 25. Qd2 Bf6 26. h6 Kh8 27. b5 Rg8 28.
Rbb3 axb5 29. Bxb5 Qa5 30. Qxa5 Rxa5 31. Bc6 Ba6+ 32. Kg1 Rxa2 33. Rhg3 Bd4+
34. Kh2 Bf1 35. Rxg8+ Kxg8 36. Rg3+ Kf7 37. Bxd6 e3 38. Bb4 Be5 39. d6 Rd2 40.
d7 Bxg3+ 41. Kxg3 Rd4 42. Ba5 Ke7 43. Bc3 Rd3 44. Bb4+ Ke6 1/2-1/2

[Event "DEM U12"]
[Site "Willingen"]
[Date "2006.06.06"]
[Round "6.14"]
[White "Gisy, Roberto"]
[Black "Wendling, Florian"]
[Result "1/2-1/2"]
[WhiteElo "1540"]
[BlackElo "1628"]
[PlyCount "101"]
[EventDate "2006.??.??"]
[EventType "swiss"]
[EventRounds "11"]
[EventCountry "GER"]

1. e4 c5 2. c3 d6 3. d4 Nf6 4. dxc5 Nc6 5. cxd6 Nxe4 6. dxe7 Qxd1+ 7. Kxd1 Bxe7
8. Be3 Be6 9. Nd2 O-O-O 10. Ngf3 Bg4 11. Kc2 Nxd2 12. Nxd2 Bf5+ 13. Kc1 Rhe8
14. Nb3 Rd7 15. Bc4 f6 16. Nd4 Nxd4 17. Bxd4 a6 18. f3 Bd6 19. g3 h5 20. a4
Rde7 21. Kd2 Rd8 22. Bd3 Bxd3 23. Kxd3 Rde8 24. Rad1 Kc7 25. Bf2 g5 26. Rhe1
Be5 27. Bd4 Kc6 28. Bxe5 Rxe5 29. Rxe5 Rxe5 30. Rd2 b6 31. Re2 Rd5+ 32. Kc2 Kc5
33. b4+ Kd6 34. Rd2 b5 35. Rxd5+ Kxd5 36. axb5 axb5 37. Kd3 f5 38. h3 g4 39.
fxg4 fxg4 40. h4 Ke5 41. c4 bxc4+ 42. Kxc4 Ke4 43. b5 Kf3 44. b6 Kxg3 45. b7
Kxh4 46. b8=Q g3 47. Qf4+ Kh3 48. Qg5 h4 49. Kd3 g2 50. Ke3 g1=Q+ 51. Qxg1
1/2-1/2

[Event "DEM U12"]
[Site "Willingen"]
[Date "2006.06.06"]
[Round "6.15"]
[White "Müller, Tobias"]
[Black "Lindner, Sebastian"]
[Result "1/2-1/2"]
[WhiteElo "1620"]
[BlackElo "1496"]
[PlyCount "73"]
[EventDate "2006.??.??"]
[EventType "swiss"]
[EventRounds "11"]
[EventCountry "GER"]

1. e4 c5 2. Nf3 d6 3. d4 cxd4 4. Nxd4 Nf6 5. Nc3 a6 6. Be3 e6 7. f3 b5 8. Qd2
Bb7 9. O-O-O Nbd7 10. g4 h6 11. h4 Ne5 12. Be2 Rc8 13. g5 hxg5 14. hxg5 Rxh1
15. Rxh1 Nfd7 16. Rf1 Nb6 17. Kb1 b4 18. Nd1 d5 19. Nb3 Nbc4 20. Bxc4 Nxc4 21.
Qd3 Qc7 22. exd5 Bxd5 23. f4 Qc6 24. Nd2 Nxe3 25. Nxe3 Rd8 26. Nxd5 Rxd5 27.
Qe2 Qd7 28. Ne4 a5 29. Qf3 Bd6 30. Kc1 Rf5 31. Nxd6+ Qxd6 32. Qa8+ Ke7 33. Qb7+
Qd7 34. Qe4 Qc7 35. Qe3 Qc5 36. Qf3 Qc7 37. Qe3 1/2-1/2

[Event "DEM U12"]
[Site "Willingen"]
[Date "2006.06.06"]
[Round "6.16"]
[White "Pfeiffer, Daniel"]
[Black "Maier, Florian"]
[Result "1-0"]
[WhiteElo "1606"]
[BlackElo "1404"]
[PlyCount "167"]
[EventDate "2006.??.??"]
[EventType "swiss"]
[EventRounds "11"]
[EventCountry "GER"]

1. e4 c6 2. d4 d5 3. Nd2 dxe4 4. Nxe4 Bf5 5. Ng3 Bg6 6. Nf3 Nd7 7. h4 h6 8. h5
Bh7 9. Bd3 Bxd3 10. Qxd3 Ngf6 11. Bd2 Qc7 12. O-O-O O-O-O 13. Ne4 Nxe4 14. Qxe4
Nf6 15. Qe2 e6 16. g3 Bd6 17. Rh4 Rhe8 18. Re1 Kb8 19. Kb1 Ka8 20. Ne5 Rc8 21.
Nc4 Bf8 22. Bf4 Qd7 23. Qd2 b5 24. Ne5 Qc7 25. Ng4 Qd8 26. Nxf6 Qxf6 27. c3 Qd8
28. Rh3 Bd6 29. g4 Qc7 30. Bxd6 Qxd6 31. g5 hxg5 32. Qxg5 Rg8 33. Rg1 Qd5 34.
Qxd5 exd5 35. Re1 Rce8 36. Rhe3 Rxe3 37. Rxe3 Kb8 38. Re7 f6 39. Rf7 a5 40. h6
gxh6 41. Rxf6 Kc7 42. Rxh6 Rf8 43. Rh2 Kd6 44. Kc2 Ke6 45. Kd2 Kf5 46. Ke3 Re8+
47. Kd3 Rf8 48. Rh3 Kg5 49. Ke2 Re8+ 50. Re3 Rxe3+ 51. fxe3 Kg4 52. Kf2 Kg5 53.
Kg3 Kf5 54. Kf3 a4 55. a3 Ke6 56. Kg4 Kd6 57. Kf5 c5 58. e4 dxe4 59. Kxe4 cxd4
60. cxd4 Ke6 61. d5+ Kd6 62. Kd4 Kd7 63. Kc5 Kc7 64. Kxb5 Kd6 65. Kxa4 Kxd5 66.
Ka5 Kc6 67. Ka6 Kc7 68. Ka7 Kc6 69. a4 Kd7 70. Kb7 Kd6 71. a5 Kc5 72. a6 Kb4
73. a7 Kb3 74. a8=Q Kc2 75. Qd8 Kb1 76. b4 Kb2 77. Qd3 Ka1 78. Qd2 Kb1 79. Kc6
Ka1 80. Kc5 Kb1 81. Kc4 Ka1 82. Kb3 Kb1 83. Qh6 Ka1 84. Qh1# 1-0

[Event "DEM U12"]
[Site "Willingen"]
[Date "2006.06.06"]
[Round "6.17"]
[White "Böhme, Lasse"]
[Black "Pauly, Carlo"]
[Result "0-1"]
[WhiteElo "1378"]
[BlackElo "1577"]
[PlyCount "48"]
[EventDate "2006.??.??"]
[EventType "swiss"]
[EventRounds "11"]
[EventCountry "GER"]

1. d4 Nf6 2. c4 c5 3. d5 b5 4. cxb5 a6 5. bxa6 Bxa6 6. g3 d6 7. Bg2 g6 8. Nf3
Bg7 9. O-O O-O 10. Nc3 Nbd7 11. Re1 Qc7 12. e4 Ng4 13. Qc2 Nge5 14. Nxe5 Nxe5
15. Rd1 c4 16. f4 Nd3 17. Ne2 Qc5+ 18. Kh1 Nf2+ 19. Kg1 Nxd1+ 20. Kh1 Nf2+ 21.
Kg1 Nxe4+ 22. Kh1 Nf2+ 23. Kg1 Nd3+ 24. Kh1 Rab8 0-1

[Event "DEM U12"]
[Site "Willingen"]
[Date "2006.06.06"]
[Round "6.18"]
[White "Kreiter, Thomas"]
[Black "Alber, Alexander"]
[Result "1/2-1/2"]
[WhiteElo "1561"]
[BlackElo "1398"]
[PlyCount "45"]
[EventDate "2006.??.??"]
[EventType "swiss"]
[EventRounds "11"]
[EventCountry "GER"]

1. f4 d5 2. b3 Nf6 3. Bb2 e6 4. e3 c5 5. Nf3 Nbd7 6. Be2 Bd6 7. O-O b6 8. d3
Bb7 9. Qe1 Rc8 10. Nbd2 Be7 11. Qg3 Rg8 12. Ne5 Qc7 13. Rac1 Bd6 14. h3 h6 15.
Qh2 g5 16. Ndf3 gxf4 17. exf4 d4 18. Nxd7 Nxd7 19. Ne1 Nf6 20. c4 Kd7 21. Rc2
Rg7 22. Bc1 Rcg8 23. Bd1 1/2-1/2

[Event "DEM U12"]
[Site "Willingen"]
[Date "2006.06.06"]
[Round "6.19"]
[White "Risius, Philipp"]
[Black "Gerntke, Oliver"]
[Result "1/2-1/2"]
[WhiteElo "1557"]
[BlackElo "1352"]
[PlyCount "93"]
[EventDate "2006.??.??"]
[EventType "swiss"]
[EventRounds "11"]
[EventCountry "GER"]

1. e4 e6 2. Nf3 c5 3. Nc3 Nc6 4. d4 cxd4 5. Nxd4 a6 6. a3 Qc7 7. Be3 d6 8. Be2
Nf6 9. O-O Be7 10. f4 O-O 11. Nf3 b5 12. b4 Nxb4 13. axb4 Qxc3 14. Bd4 Qc6 15.
e5 Nd5 16. Qd2 Bb7 17. Bd3 Qc7 18. c3 Rac8 19. f5 exf5 20. Bxf5 Rcd8 21. exd6
Qxd6 22. Be5 Qc6 23. Bd4 Bf6 24. Bxf6 Qxf6 25. Bxh7+ Kh8 26. Nd4 Qb6 27. Be4
Nxc3 28. Bxb7 Rxd4 29. Qe3 Ne2+ 30. Kh1 Qxb7 31. Qxe2 Rxb4 32. h3 Re4 33. Qh5+
Kg8 34. Qf5 Re2 35. Qg4 Rfe8 36. Rg1 b4 37. Qc4 R8e3 38. Qh4 Qb6 39. Rad1 b3
40. Rd8+ Re8 41. Rdd1 a5 42. Qc4 Qe6 43. Qa4 Ra2 44. Qb5 Rc8 45. Rde1 Qc4 46.
Re8+ Rxe8 47. Qxc4 1/2-1/2

[Event "DEM U12"]
[Site "Willingen"]
[Date "2006.06.06"]
[Round "6.20"]
[White "Weber, Max"]
[Black "Bading, Kenneth"]
[Result "1-0"]
[WhiteElo "1333"]
[BlackElo "1553"]
[PlyCount "52"]
[EventDate "2006.??.??"]
[EventType "swiss"]
[EventRounds "11"]
[EventCountry "GER"]

1. e4 e5 2. Nf3 Nc6 3. d4 exd4 4. Nxd4 Qf6 5. c3 Bc5 6. Be3 Nge7 7. Bc4 d6 8.
O-O O-O 9. Nxc6 Nxc6 10. Bxc5 dxc5 11. Qc2 Ne5 12. Nd2 Qg6 13. Rfe1 Nxc4 14.
Nxc4 Bh3 15. Ne3 Rfe8 16. Kh1 Bd7 17. Rad1 Rxe4 18. Rxd7 Rxe3 19. Qd1 Rxe1+ 20.
Qxe1 Qg4 21. Qe7 h6 22. Qxf7+ Kh7 23. h3 Qg5 24. Rxc7 Rd8 25. Rxb7 Qe5 26. f4
Qxf4 1-0

[Event "DEM U12"]
[Site "Willingen"]
[Date "2006.06.06"]
[Round "6.21"]
[White "Ma, Beini"]
[Black "Rafayevych, Vilen"]
[Result "1-0"]
[WhiteElo "1960"]
[BlackElo "1448"]
[PlyCount "65"]
[EventDate "2006.??.??"]
[EventType "swiss"]
[EventRounds "11"]
[EventCountry "GER"]

1. e4 c5 2. Nf3 Nc6 3. d4 cxd4 4. Nxd4 Nf6 5. Nc3 e5 6. Ndb5 d6 7. Bg5 a6 8.
Na3 b5 9. Nd5 Be7 10. Bxf6 Bxf6 11. c3 Bg5 12. Bd3 O-O 13. h4 Bh6 14. g4 g6 15.
g5 Bg7 16. Qe2 Be6 17. O-O-O Qa5 18. Kb1 Rab8 19. h5 b4 20. cxb4 Nxb4 21. Ne7+
Kh8 22. hxg6 Bxa2+ 23. Ka1 fxg6 24. Nxg6+ Kg8 25. Nxf8 Bxf8 26. Bc4+ Bxc4 27.
Qxc4+ d5 28. exd5 Bd6 29. Rh6 Qb6 30. Qc3 e4 31. Nc4 Qxf2 32. Rxd6 e3 33. Rd7
1-0

[Event "DEM U12"]
[Site "Willingen"]
[Date "2006.06.06"]
[Round "6.22"]
[White "Mons, Leon"]
[Black "Barzen, Pascal"]
[Result "1-0"]
[WhiteElo "1588"]
[BlackElo "1390"]
[PlyCount "83"]
[EventDate "2006.??.??"]
[EventType "swiss"]
[EventRounds "11"]
[EventCountry "GER"]

1. e4 c6 2. Nf3 d5 3. exd5 cxd5 4. Ne5 Nf6 5. d4 e6 6. Nd2 Be7 7. Bd3 O-O 8.
O-O Nc6 9. Ndf3 Nd7 10. Nxd7 Bxd7 11. Re1 Bf6 12. c3 a6 13. Bf4 h6 14. Bc2 h5
15. Qd3 g6 16. Be5 Bxe5 17. Nxe5 Ne7 18. Qg3 Kg7 19. Re3 Nf5 20. Bxf5 exf5 21.
Rae1 h4 22. Qf3 Be6 23. g3 g5 24. gxh4 g4 25. Qg2 Qxh4 26. Qg3 Qxg3+ 27. hxg3
Rh8 28. Kg2 Rh7 29. Rh1 Rxh1 30. Kxh1 Kf6 31. Nd3 b6 32. Nf4 Rc8 33. Kg2 a5 34.
Re5 Rd8 35. Kf1 Ke7 36. Ke2 Rd6 37. Kd3 f6 38. Rxe6+ Rxe6 39. Nxe6 Kxe6 40. Ke3
Kf7 41. Kf4 Ke6 42. a4 1-0

[Event "DEM U12"]
[Site "Willingen"]
[Date "2006.06.06"]
[Round "6.24"]
[White "Zimmerer, Leah"]
[Black "Davydov, Ruven"]
[Result "0-1"]
[WhiteElo "1291"]
[BlackElo "1532"]
[PlyCount "84"]
[EventDate "2006.??.??"]
[EventType "swiss"]
[EventRounds "11"]
[EventCountry "GER"]

1. e4 c5 2. Nf3 e6 3. d4 cxd4 4. Nxd4 Qb6 5. Nb3 Qc7 6. Be3 Nf6 7. Bd3 d5 8.
N1d2 Nc6 9. O-O Bd6 10. f4 d4 11. e5 dxe3 12. exd6 Qb6 13. Nc4 e2+ 14. Nxb6
exd1=Q 15. Rfxd1 axb6 16. Bc4 Bd7 17. a3 O-O 18. Re1 Na5 19. Nxa5 bxa5 20. Ba2
Rac8 21. c4 Rc6 22. Rac1 Rfc8 23. Re2 Rxd6 24. Rec2 Bc6 25. b4 axb4 26. axb4
Be4 27. Rb2 Rcd8 28. c5 Rd1+ 29. Rxd1 Rxd1+ 30. Kf2 Bd5 31. Bxd5 Rxd5 32. Rc2
Kf8 33. b5 Ne4+ 34. Ke1 Rxc5 35. Rxc5 Nxc5 36. Kd2 Ke7 37. Kc3 Kd6 38. Kc4 b6
39. Kd4 Nb3+ 40. Kc4 Nd2+ 41. Kd3 Nf1 42. h3 Kc5 0-1

[Event "DEM U12"]
[Site "Willingen"]
[Date "2006.06.06"]
[Round "6.25"]
[White "Iwanziw, Niklas"]
[Black "Schareck, Martin"]
[Result "1-0"]
[WhiteElo "1515"]
[BlackElo "1294"]
[PlyCount "41"]
[EventDate "2006.??.??"]
[EventType "swiss"]
[EventRounds "11"]
[EventCountry "GER"]

1. d4 d5 2. c4 e6 3. Nc3 Nf6 4. Bg5 Nbd7 5. e3 Be7 6. Nf3 O-O 7. Bd3 dxc4 8.
Bxc4 c6 9. a4 Qc7 10. O-O e5 11. Rc1 exd4 12. Nxd4 Nb6 13. Ba2 Ng4 14. Bf4 Bd6
15. Ncb5 Qe7 16. Bxd6 Qf6 17. Bxf8 cxb5 18. a5 Kxf8 19. axb6 Qxb6 20. Rxc8+
Rxc8 21. Qxg4 1-0

[Event "DEM U12"]
[Site "Willingen"]
[Date "2006.06.06"]
[Round "6.27"]
[White "Volz, Daniel"]
[Black "Dauer, Maximilian"]
[Result "1-0"]
[WhiteElo "1455"]
[BlackElo "1260"]
[PlyCount "81"]
[EventDate "2006.??.??"]
[EventType "swiss"]
[EventRounds "11"]
[EventCountry "GER"]

1. e4 e6 2. Qe2 e5 3. Nf3 Nc6 4. Nc3 Nf6 5. d3 d6 6. h3 Be6 7. Be3 d5 8. exd5
Nxd5 9. Nxd5 Bxd5 10. a3 Be7 11. c4 Be6 12. Qc2 O-O 13. Be2 f5 14. O-O Qd7 15.
b4 f4 16. Bd2 Bf6 17. Bc3 Rae8 18. Qb2 Bf7 19. b5 Nd4 20. Nxd4 exd4 21. Bb4 Be7
22. Bg4 Be6 23. Bxe6+ Qxe6 24. Qxd4 Bxb4 25. axb4 f3 26. g4 Qh6 27. Kh2 Rf4 28.
Qd5+ Kf8 29. Rxa7 Rxg4 30. Qf5+ Qf6 31. Qxf6+ gxf6 32. hxg4 Rb8 33. Kg3 Kf7 34.
Re1 Rd8 35. Re3 f5 36. Kxf3 fxg4+ 37. Kxg4 Rd4+ 38. f4 h5+ 39. Kg5 h4 40. Rxb7
Kf8 41. Rxc7 1-0

[Event "DEM U12"]
[Site "Willingen"]
[Date "2006.06.06"]
[Round "6.28"]
[White "Matschewsky, Justus"]
[Black "Chernova, Margarita"]
[Result "1-0"]
[WhiteElo "1449"]
[BlackElo "1248"]
[PlyCount "113"]
[EventDate "2006.??.??"]
[EventType "swiss"]
[EventRounds "11"]
[EventCountry "GER"]

1. e4 e5 2. Nf3 Nc6 3. Bc4 Nf6 4. Ng5 d5 5. exd5 b5 6. Bxb5 Qxd5 7. Bxc6+ Qxc6
8. Qf3 e4 9. Qb3 h6 10. Nxf7 Be6 11. Ne5 Bxb3 12. Nxc6 Bxc2 13. Nc3 Bd3 14. Ne5
Bd6 15. Nxd3 exd3 16. O-O O-O-O 17. b3 a6 18. Bb2 Rhg8 19. Rfe1 Rde8 20. Re3
Rd8 21. Ne4 Nxe4 22. Rxe4 Bc5 23. Rc4 Bb6 24. Be5 Rd7 25. h3 Rf8 26. Bf4 Rdf7
27. Be3 Bxe3 28. dxe3 Rxf2 29. Rf4 R2xf4 30. exf4 Rxf4 31. Rd1 Rd4 32. Kf2 Kd7
33. Ke3 c5 34. Rxd3 Rxd3+ 35. Kxd3 Kd6 36. Kc4 Kc6 37. a3 Kd6 38. b4 cxb4 39.
Kxb4 Kc6 40. Kc4 a5 41. a4 g6 42. g3 g5 43. g4 Kb6 44. Kd5 Ka6 45. Kc6 Ka7 46.
Kb5 Kb7 47. Kxa5 Ka7 48. Kb5 Kb7 49. a5 Ka7 50. a6 Ka8 51. Kb6 Kb8 52. a7+ Ka8
53. Ka6 h5 54. gxh5 g4 55. h6 gxh3 56. h7 h2 57. h8=R# 1-0

[Event "DEM U12"]
[Site "Willingen"]
[Date "2006.06.06"]
[Round "6.29"]
[White "Kühnel, Lena"]
[Black "Miller, Eduard"]
[Result "0-1"]
[WhiteElo "1243"]
[BlackElo "1525"]
[PlyCount "60"]
[EventDate "2006.??.??"]
[EventType "swiss"]
[EventRounds "11"]
[EventCountry "GER"]

1. e4 c5 2. Nf3 d6 3. d4 cxd4 4. Nxd4 Nf6 5. Nc3 g6 6. Be3 Bg7 7. f3 O-O 8. Qd2
Nc6 9. O-O-O Bd7 10. Kb1 Qa5 11. h4 Rfc8 12. Nb3 Qc7 13. g4 Ne5 14. Be2 b5 15.
Qc1 b4 16. Nd5 Nxd5 17. exd5 a5 18. h5 a4 19. Nd4 Ra5 20. hxg6 fxg6 21. Ne6
Bxe6 22. dxe6 a3 23. b3 Nxf3 24. Rd3 Ne5 25. Rdd1 Nxg4 26. Bd4 Nf6 27. Be3 Ne4
28. Bd2 Nc3+ 29. Bxc3 Qxc3 30. Qd2 Qa1# 0-1

[Event "DEM U12"]
[Site "Willingen"]
[Date "2006.06.06"]
[Round "6.30"]
[White "Rieping, Heiner"]
[Black "Schmitt, Katrin"]
[Result "0-1"]
[WhiteElo "1591"]
[BlackElo "1380"]
[PlyCount "96"]
[EventDate "2006.??.??"]
[EventType "swiss"]
[EventRounds "11"]
[EventCountry "GER"]

1. e4 e5 2. Bc4 Nf6 3. d3 Bc5 4. Nc3 d6 5. f4 Ng4 6. f5 Nf2 7. Qh5 Qd7 8. Nd5
c6 9. f6 g6 10. Qh6 Kd8 11. Ne7 Qe8 12. Bg5 b5 13. Bb3 Kc7 14. Qg7 Qf8 15. Bxf7
Bd7 16. Nf3 Nxh1 17. Nh4 Na6 18. Nhxg6 hxg6 19. Nxg6 Qc8 20. Be6 Nb4 21. O-O-O
Nf2 22. Rf1 d5 23. a3 Na6 24. exd5 cxd5 25. Nxe5 Nb8 26. Bxd5 Bd6 27. Ng6 Nc6
28. Nxh8 Qxh8 29. Qxh8 Rxh8 30. Rxf2 Ne5 31. h3 Bc6 32. Bxc6 Kxc6 33. Kd2 Nf7
34. Be3 a6 35. d4 Kd5 36. Kd3 Rg8 37. g4 Rh8 38. Rf3 Bc7 39. g5 Rg8 40. Rf1 Ke6
41. h4 Bg3 42. Rh1 Nd6 43. Bd2 Nf5 44. Ke4 Rd8 45. Bc3 Bxh4 46. g6 Bxf6 47. d5+
Rxd5 48. Bxf6 Ng3+ 0-1